Survivor USA Winners - Statistics

General Stats
  • This quiz has been taken 252 times
    8 since last reset
  • The average score is 48 of 50
Answer Stats
Season Winner % Correct
Millennials Vs Gen X Adam Klein
100%
All Stars Amber Brkich
100%
50 Aubry Bracco
100%
Heroes vs Healers vs Hustlers Ben Driebergen
100%
Thailand Brian Heidik
100%
Vanuatu Chris Daugherty
100%
Edge of Extinction Chris Underwood
100%
Guatemala Danni Boatwright
100%
Philippines Denise Stapley
100%
Fiji Earl Cole
100%
41 Erika Casupanan
100%
Africa Ethan Zohn
100%
The Amazon Jenna Morasca
100%
Cambodia Jeremy Collins
100%
Caramoan John Cochran
100%
One World Kim Spradlin
100%
48 Kyle Fraser
100%
Kaôh Rong Michele Fitzgerald
100%
San Juan del Sur Natalie Anderson
100%
Samoa Natalie White
100%
David Vs Goliath Nick Wilson
100%
Micronesia Parvati Shallow
100%
Borneo Richard Hatch
100%
Gabon Robert Bob Crowley
100%
Redemption Island Rob Mariano
100%
Pearl Islands Sandra Diaz-Twine
100%
Heroes vs Villains Sandra Diaz-Twine
100%
Game Changers Sarah Lacina
100%
Australian Outback Tina Wesson
100%
China Todd Herzog
100%
Island of the Idols Tommy Sheehan
100%
Palau Tom Westman
100%
Cagayan Tony Vlachos
100%
Winners at war Tony Vlachos
100%
Blood Vs Water Tyson Apostol
100%
Ghost Island Wendell Holland
100%
Cook Islands Yul Kwon
100%
Panama Aras Buskauskas
83%
45 Dee Valladares
83%
Tocantins JT Thomas
83%
Nicaragua Jud Fabio Birza
83%
46 Kenzie Petty
83%
42 Maryanne Oketch
83%
43 Mike Gabler
83%
47 Rachel LaMont
83%
49 Savannah Louie
83%
South Pacific Sophie Clarke
83%
Marquesas Vecepia Towery
83%
44 Yamil Yam Yam Arocho
83%
Worlds Apart Mike Holloway
67%
No matching quizzes found
Score Distribution
Percent of People with Each Score
Percentile by Number Answered
Your Score History
You have not taken this quiz since the last reset